|
|
|
|
| LEADER |
00000nam0a2200000 4500 |
| 001 |
135374 |
| 005 |
20231031140036.0 |
| 010 |
|
|
|a 9785699245154
|
| 035 |
|
|
|a (RuTPU)RU\TPU\book\146719
|
| 090 |
|
|
|a 135374
|
| 100 |
|
|
|a 20080410d2007 m y0rusy50 ca
|
| 101 |
0 |
|
|a rus
|
| 102 |
|
|
|a RU
|
| 105 |
|
|
|a y z 000ay
|
| 200 |
1 |
|
|a День без любви. Печальная принцесса
|e романы
|f А. В. Данилова
|
| 210 |
|
|
|a Москва
|c Эксмо
|d 2007
|
| 215 |
|
|
|a 384 с.
|
| 225 |
1 |
|
|a Детектив по Фрейду
|
| 330 |
|
|
|a Красота и внутренняя сила Ирены одинаково действовали на мужчин и женщин: на нее хотелось походить, ей хотелось повиноваться. Весть об убийстве Ирены — молодую женщину намеренно задавили машиной — поразила друзей и ввергла в отчаяние сестру красавицы Женю Родионову. Узнав много нового о сестре, Женя пытается понять, кто так жестоко расправился с нею. Один из любовников, не смирившийся с наличием соперника? Бывший муж, ревновавший ее к прошлому и будущему? Или тот, кого Ира опередила в поисках старинного клада, зарытого в одном из богатых стамбульских домов?
|
| 610 |
1 |
|
|a русская литература
|
| 610 |
1 |
|
|a романы
|
| 610 |
1 |
|
|a детективы
|
| 610 |
1 |
|
|a психологические детективы
|
| 675 |
|
|
|a Р2
|v 3
|
| 700 |
|
1 |
|a Данилова
|b А. В.
|g Анна
|
| 801 |
|
1 |
|a RU
|b 63413507
|c 20080410
|g PSBO
|
| 801 |
|
2 |
|a RU
|b 63413507
|c 20081007
|g PSBO
|
| 942 |
|
|
|c BK
|
| 959 |
|
|
|a 39/20080403
|d 1
|e 104,70
|f ХФ:1
|